Manchester City FC 2018-2019 Squad - Statistics

General Stats
  • This quiz has been taken 806 times
  • The average score is 21 of 29
Answer Stats
Position Kit Number Nationality Answer % Correct
GK #31 Brazil Ederson
97%
Manager N/A Spain Pep Guardiola
95%
MID #20 Portugal Bernardo SIlva
94%
MID #21 Spain David Silva
94%
MID #17 Belgium Kevin De Bruyne
94%
FOR #10 Argentina Sergio Aguero
94%
GK #1 Chile Claudio Bravo
93%
DEF #2 England Kyle Walker
93%
DEF #5 England John Stones
92%
DEF #4 Belgium Vincent Kompany
92%
FOR #7 England Raheem Sterling
91%
FOR #33 Brazil Gabriel Jesus
89%
MID #8 Germany Ilkay Gundogan
88%
MID #26 Algeria Riyad Mahrez
88%
MID #25 Brazil Fernandinho
87%
FOR #19 Germany Leroy Sane
85%
DEF #30 Argentina Nicolas Otamendi
84%
DEF #22 France Benjamin Mendy
82%
DEF #14 France Aymeric Laporte
81%
MID #35 Ukraine Oleksandr Zincheko
81%
MID #47 England Phil Foden
81%
DEF #3 Brazil Danilo
69%
MID #18 England Fabian Delph
52%
DEF #15 France Eliaquim Mangala
51%
FOR #55 Spain Brahim Diaz
39%
DEF #28 Belgium Jason Denayer
18%
GK #32 England Daniel Grimshaw
14%
DEF #34 Netherlands Philippe Sandler
14%
MID N/A Australia Daniel Arzani
7%
No matching quizzes found
Score Distribution
Percent of People with Each Score
Percentile by Number Answered
Your Score History
You have not taken this quiz